[Event "DEM U10 2024"]
[Site "Willingen GER"]
[Date "2024.05.20"]
[Round "4"]
[White "Zargaran, Sepas"]
[Black "Sutharjan, Dakxwin"]
[Result "1-0"]
[Termination "normal"]
[Board "2"]
[WhiteElo "1810"]
[BlackElo "1769"]
[WhiteClock "00:17:20"]
[BlackClock "00:09:59"]
[PlyCount "119"]
[WhiteFideId "34625275"]
[BlackFideId "34606548"]
[EventCountry "GER"]
[EventRounds "11"]
[EventType "swiss"]
[EventDate "2024.05.18"]

1. e4 {[%clk 01:15:54]} {[%emt 00:00:05]} d5 {[%clk 01:15:54]} {[%emt
00:00:07]} 2. exd5 {[%clk 01:16:11]} {[%emt 00:00:13]} Nf6 {[%clk 01:16:16]}
{[%emt 00:00:08]} 3. Nf3 {[%clk 01:16:04]} {[%emt 00:00:36]} Nxd5 {[%clk
01:16:35]} {[%emt 00:00:12]} 4. d4 {[%clk 01:16:23]} {[%emt 00:00:10]} g6
{[%clk 01:16:58]} {[%emt 00:00:08]} 5. c4 {[%clk 01:16:43]} {[%emt 00:00:09]}
Nb6 {[%clk 01:17:24]} {[%emt 00:00:05]} 6. Nc3 {[%clk 01:16:58]} {[%emt
00:00:15]} Bg7 {[%clk 01:17:48]} {[%emt 00:00:06]} 7. h3 {[%clk 01:17:22]}
{[%emt 00:00:07]} O-O {[%clk 01:17:25]} {[%emt 00:00:52]} 8. Be2 {[%clk
01:17:38]} {[%emt 00:00:14]} Re8 {[%clk 01:16:24]} {[%emt 00:01:32]} 9. O-O
{[%clk 01:14:27]} {[%emt 00:03:40]} Nc6 {[%clk 01:15:18]} {[%emt 00:01:36]} 10.
Be3 {[%clk 01:14:47]} {[%emt 00:00:10]} e5 {[%clk 01:13:29]} {[%emt 00:02:19]}
11. d5 {[%clk 01:14:28]} {[%emt 00:00:49]} Ne7 {[%clk 01:13:03]} {[%emt
00:00:55]} 12. c5 {[%clk 01:12:03]} {[%emt 00:02:55]} Nbxd5 {[%clk 01:12:16]}
{[%emt 00:01:17]} 13. Qc2 {[%clk 01:08:49]} {[%emt 00:03:44]} Nxc3 {[%clk
01:10:22]} {[%emt 00:02:25]} 14. Qxc3 {[%clk 01:08:48]} {[%emt 00:00:31]} e4
{[%clk 01:09:50]} {[%emt 00:01:02]} 15. Nd4 {[%clk 01:09:11]} {[%emt 00:00:06]}
Nd5 {[%clk 01:09:10]} {[%emt 00:01:11]} 16. Qb3 {[%clk 01:08:38]} {[%emt
00:01:02]} c6 {[%clk 01:01:45]} {[%emt 00:07:56]} 17. Rad1 {[%clk 01:07:57]}
{[%emt 00:01:11]} Qe7 {[%clk 00:58:58]} {[%emt 00:03:17]} 18. Bc4 {[%clk
01:03:00]} {[%emt 00:05:27]} Nxe3 {[%clk 00:48:56]} {[%emt 00:10:32]} 19. fxe3
{[%clk 01:03:05]} {[%emt 00:00:24]} Rf8 {[%clk 00:49:20]} {[%emt 00:00:07]} 20.
Rxf7 {[%clk 00:58:52]} {[%emt 00:04:43]} Rxf7 {[%clk 00:48:30]} {[%emt
00:01:20]} 21. Rf1 {[%clk 00:59:15]} {[%emt 00:00:07]} Bf6 {[%clk 00:46:25]}
{[%emt 00:02:36]} 22. Bxf7+ {[%clk 00:58:48]} {[%emt 00:00:56]} Qxf7 {[%clk
00:39:45]} {[%emt 00:07:10]} 23. Rxf6 {[%clk 00:59:06]} {[%emt 00:00:11]} Qxb3
{[%clk 00:40:10]} {[%emt 00:00:05]} 24. axb3 {[%clk 00:56:57]} {[%emt
00:02:40]} Bd7 {[%clk 00:37:50]} {[%emt 00:02:50]} 25. Rd6 {[%clk 00:56:13]}
{[%emt 00:01:13]} Bf5 {[%clk 00:37:40]} {[%emt 00:00:41]} 26. g4 {[%clk
00:55:38]} {[%emt 00:01:04]} Bc8 {[%clk 00:37:11]} {[%emt 00:01:00]} 27. Rd8+
{[%clk 00:55:50]} {[%emt 00:00:18]} Kf7 {[%clk 00:36:42]} {[%emt 00:00:59]} 28.
Rh8 {[%clk 00:55:17]} {[%emt 00:01:01]} h5 {[%clk 00:34:01]} {[%emt 00:03:13]}
29. gxh5 {[%clk 00:54:58]} {[%emt 00:00:49]} gxh5 {[%clk 00:34:07]} {[%emt
00:00:24]} 30. Rxh5 {[%clk 00:55:00]} {[%emt 00:00:27]} Kg7 {[%clk 00:31:39]}
{[%emt 00:02:58]} 31. Kh2 {[%clk 00:51:40]} {[%emt 00:03:50]} Bd7 {[%clk
00:30:21]} {[%emt 00:01:49]} 32. Re5 {[%clk 00:51:11]} {[%emt 00:00:54]} Kf6
{[%clk 00:29:06]} {[%emt 00:01:50]} 33. Rxe4 {[%clk 00:51:22]} {[%emt
00:00:18]} Rh8 {[%clk 00:29:13]} {[%emt 00:00:23]} 34. Rf4+ {[%clk 00:50:46]}
{[%emt 00:01:07]} Ke7 {[%clk 00:28:00]} {[%emt 00:01:43]} 35. h4 {[%clk
00:50:34]} {[%emt 00:00:41]} Rh5 {[%clk 00:27:59]} {[%emt 00:00:31]} 36. b4
{[%clk 00:49:51]} {[%emt 00:01:14]} a5 {[%emt 00:00:42]} 37. Re4+ {[%clk
00:44:30]} {[%emt 00:05:48]} Kf7 {[%clk 00:26:57]} {[%emt 00:01:23]} 38. Nb3
{[%clk 00:44:32]} {[%emt 00:00:27]} axb4 {[%clk 00:25:18]} {[%emt 00:02:10]}
39. Rxb4 {[%clk 00:43:44]} {[%emt 00:01:18]} Bc8 {[%clk 00:25:40]} {[%emt
00:00:09]} 40. Rf4+ {[%clk 00:39:55]} {[%emt 00:04:18]} Kg7 {[%clk 00:25:28]}
{[%emt 00:00:42]} 41. Kg3 {[%clk 00:38:27]} {[%emt 00:01:53]} Be6 {[%clk
00:22:58]} {[%emt 00:03:05]} 42. Nd4 {[%clk 00:38:40]} {[%emt 00:00:16]} Re5
{[%clk 00:20:23]} {[%emt 00:03:05]} 43. e4 {[%clk 00:37:42]} {[%emt 00:01:29]}
Bd7 {[%clk 00:20:08]} {[%emt 00:00:45]} 44. b4 {[%clk 00:38:02]} {[%emt
00:00:11]} Bc8 {[%clk 00:19:17]} {[%emt 00:01:21]} 45. Kf3 {[%clk 00:37:02]}
{[%emt 00:01:29]} Bd7 {[%clk 00:18:07]} {[%emt 00:01:40]} 46. Ke3 {[%clk
00:37:09]} {[%emt 00:00:23]} Be6 {[%clk 00:17:11]} {[%emt 00:01:26]} 47. Nf3
{[%clk 00:36:27]} {[%emt 00:01:10]} Rh5 {[%clk 00:17:16]} {[%emt 00:00:26]} 48.
Ng5 {[%clk 00:36:48]} {[%emt 00:00:10]} Rh6 {[%clk 00:17:38]} {[%emt 00:00:08]}
49. e5 {[%clk 00:35:49]} {[%emt 00:01:29]} Bd5 {[%clk 00:17:46]} {[%emt
00:00:22]} 50. Kf2 {[%clk 00:34:08]} {[%emt 00:02:07]} Rh8 {[%clk 00:17:33]}
{[%emt 00:00:45]} 51. Kg3 {[%clk 00:32:48]} {[%emt 00:01:51]} Re8 {[%clk
00:16:42]} {[%emt 00:01:22]} 52. Rf5 {[%clk 00:26:27]} {[%emt 00:06:50]} Ra8
{[%clk 00:14:51]} {[%emt 00:02:21]} 53. Kg4 {[%clk 00:21:11]} {[%emt 00:05:46]}
Ra4 {[%clk 00:14:12]} {[%emt 00:01:09]} 54. Rf4 {[%clk 00:21:24]} {[%emt
00:00:17]} Ra8 {[%clk 00:14:08]} {[%emt 00:00:35]} 55. e6 {[%clk 00:20:31]}
{[%emt 00:01:23]} Rb8 {[%clk 00:12:41]} {[%emt 00:01:57]} 56. Kf5 {[%clk
00:18:39]} {[%emt 00:02:22]} Rd8 {[%clk 00:11:59]} {[%emt 00:01:51]} 57. Ke5
{[%clk 00:17:16]} {[%emt 00:02:14]} Kg6 {[%clk 00:11:10]} {[%emt 00:01:19]} 58.
e7 {[%clk 00:16:55]} {[%emt 00:00:51]} Re8 {[%clk 00:10:45]} {[%emt 00:00:55]}
59. Kd6 {[%clk 00:17:08]} {[%emt 00:00:17]} Rg8 {[%clk 00:09:59]} {[%emt
00:01:16]} 60. Rf8 {[%clk 00:17:20]} {[%emt 00:00:17]} 1-0

[Event "DEM U10 2024"]
[Site "Willingen GER"]
[Date "2024.05.20"]
[Round "4"]
[White "Pradeep, Harshill"]
[Black "Barsov, Mikhail"]
[Result "1-0"]
[Termination "normal"]
[Board "3"]
[WhiteElo "1853"]
[BlackElo "1708"]
[WhiteClock "00:32:46"]
[BlackClock "00:20:04"]
[PlyCount "111"]
[WhiteFideId "34629513"]
[BlackFideId "34623906"]
[EventCountry "GER"]
[EventRounds "11"]
[EventType "swiss"]
[EventDate "2024.05.18"]

1. e4 {[%clk 01:15:59]} c6 {[%clk 01:15:58]} {[%emt 00:00:03]} 2. d4 {[%clk
01:16:22]} {[%emt 00:00:07]} d5 {[%clk 01:16:26]} {[%emt 00:00:02]} 3. Nc3
{[%clk 01:16:38]} {[%emt 00:00:14]} dxe4 {[%clk 01:16:51]} {[%emt 00:00:04]} 4.
Nxe4 {[%clk 01:17:01]} {[%emt 00:00:08]} Nf6 {[%clk 01:17:19]} {[%emt
00:00:02]} 5. Nxf6+ {[%clk 01:17:21]} {[%emt 00:00:10]} exf6 {[%clk 01:17:46]}
{[%emt 00:00:04]} 6. Nf3 {[%clk 01:17:24]} {[%emt 00:00:26]} Bd6 {[%clk
01:18:11]} {[%emt 00:00:04]} 7. Bd3 {[%clk 01:17:47]} {[%emt 00:00:08]} O-O
{[%clk 01:18:26]} {[%emt 00:00:15]} 8. O-O {[%clk 01:18:11]} {[%emt 00:00:06]}
Bg4 {[%clk 01:18:40]} {[%emt 00:00:16]} 9. c3 {[%clk 01:18:07]} {[%emt
00:00:34]} Nd7 {[%clk 01:18:50]} {[%emt 00:00:19]} 10. Be3 {[%clk 01:16:04]}
{[%emt 00:02:34]} Qc7 {[%clk 01:16:22]} {[%emt 00:02:58]} 11. h3 {[%clk
01:16:24]} {[%emt 00:00:10]} Bh5 {[%clk 01:16:46]} {[%emt 00:00:04]} 12. Rc1
{[%clk 01:16:13]} {[%emt 00:00:43]} Rfe8 {[%clk 01:16:04]} {[%emt 00:01:11]}
13. Bb1 {[%clk 01:14:16]} {[%emt 00:02:28]} Nf8 {[%clk 01:13:31]} {[%emt
00:03:02]} 14. c4 {[%clk 01:11:55]} {[%emt 00:02:52]} Bf4 {[%clk 01:10:01]}
{[%emt 00:04:00]} 15. Rc3 {[%clk 01:10:06]} {[%emt 00:02:19]} Bxe3 {[%clk
01:07:21]} {[%emt 00:03:10]} 16. fxe3 {[%clk 01:08:48]} {[%emt 00:01:47]} Rad8
{[%clk 01:05:37]} {[%emt 00:02:15]} 17. b4 {[%clk 01:06:18]} {[%emt 00:03:00]}
Ne6 {[%clk 01:03:53]} {[%emt 00:02:12]} 18. Qc2 {[%clk 01:05:35]} {[%emt
00:01:14]} Bg6 {[%clk 01:03:41]} {[%emt 00:00:42]} 19. Qf2 {[%clk 01:05:54]}
{[%emt 00:00:12]} a5 {[%clk 01:01:01]} {[%emt 00:03:09]} 20. a3 {[%clk
01:04:15]} {[%emt 00:02:10]} axb4 {[%clk 01:00:38]} {[%emt 00:00:53]} 21. axb4
{[%clk 01:04:37]} {[%emt 00:00:09]} Qb6 {[%clk 01:00:23]} {[%emt 00:00:43]} 22.
Bxg6 {[%clk 00:57:02]} {[%emt 00:08:05]} hxg6 {[%clk 01:00:09]} {[%emt
00:00:44]} 23. Rb1 {[%clk 00:55:20]} {[%emt 00:02:13]} c5 {[%clk 00:53:09]}
{[%emt 00:07:30]} 24. d5 {[%clk 00:46:54]} {[%emt 00:08:56]} Nc7 {[%clk
00:49:52]} {[%emt 00:03:46]} 25. e4 {[%clk 00:43:44]} {[%emt 00:03:40]} Na6
{[%clk 00:42:05]} {[%emt 00:08:18]} 26. Rcb3 {[%clk 00:38:03]} {[%emt
00:06:10]} Rxe4 {[%clk 00:36:55]} {[%emt 00:05:40]} 27. Nd2 {[%clk 00:37:35]}
{[%emt 00:00:58]} Re7 {[%clk 00:36:05]} {[%emt 00:01:19]} 28. bxc5 {[%clk
00:37:49]} {[%emt 00:00:17]} Qxc5 {[%clk 00:36:25]} {[%emt 00:00:09]} 29. Rxb7
{[%clk 00:37:59]} {[%emt 00:00:22]} Rxb7 {[%clk 00:34:36]} {[%emt 00:02:19]}
30. Rxb7 {[%clk 00:38:11]} {[%emt 00:00:17]} Qa3 {[%clk 00:32:35]} {[%emt
00:02:29]} 31. Qd4 {[%clk 00:32:57]} {[%emt 00:05:47]} Nc5 {[%clk 00:30:48]}
{[%emt 00:02:17]} 32. Rb5 {[%clk 00:31:03]} {[%emt 00:02:23]} Qc1+ {[%clk
00:27:48]} {[%emt 00:03:28]} 33. Kh2 {[%clk 00:31:01]} {[%emt 00:00:34]} Ne6
{[%clk 00:25:20]} {[%emt 00:02:57]} 34. Qe3 {[%clk 00:28:13]} {[%emt 00:03:20]}
Nc7 {[%clk 00:20:21]} {[%emt 00:05:28]} 35. Rb7 {[%clk 00:26:51]} {[%emt
00:01:53]} Re8 {[%clk 00:18:20]} {[%emt 00:02:31]} 36. Qd4 {[%clk 00:22:14]}
{[%emt 00:05:06]} Re1 {[%clk 00:05:22]} {[%emt 00:13:28]} 37. Rb8+ {[%clk
00:22:09]} {[%emt 00:00:36]} Ne8 {[%clk 00:05:28]} {[%emt 00:00:23]} 38. Nf3
{[%clk 00:21:49]} {[%emt 00:00:50]} Re2 {[%clk 00:03:25]} {[%emt 00:02:31]} 39.
d6 {[%clk 00:18:48]} {[%emt 00:03:33]} Qc2 {[%clk 00:02:45]} {[%emt 00:01:07]}
40. Qg4 {[%clk 00:18:29]} {[%emt 00:00:52]} f5 {[%clk 00:02:13]} {[%emt
00:01:02]} 41. Nd4 {[%clk 00:14:00]} {[%emt 00:04:59]} fxg4 {[%clk 00:15:29]}
{[%emt 00:02:14]} 42. Nxc2 {[%clk 00:29:06]} {[%emt 00:00:24]} gxh3 {[%clk
00:15:44]} {[%emt 00:00:15]} 43. d7 {[%clk 00:29:11]} {[%emt 00:00:26]} hxg2
{[%clk 00:15:33]} {[%emt 00:00:40]} 44. Rxe8+ {[%clk 00:29:32]} {[%emt
00:00:09]} Rxe8 {[%clk 00:15:48]} {[%emt 00:00:14]} 45. dxe8=R+ {[%clk
00:29:52]} {[%emt 00:00:10]} Kh7 {[%clk 00:16:10]} {[%emt 00:00:08]} 46. Kxg2
{[%clk 00:30:13]} {[%emt 00:00:10]} f5 {[%clk 00:16:34]} {[%emt 00:00:06]} 47.
Kg3 {[%clk 00:30:19]} {[%emt 00:00:24]} g5 {[%clk 00:16:59]} {[%emt 00:00:05]}
48. Ne3 {[%clk 00:30:07]} {[%emt 00:00:42]} f4+ {[%clk 00:17:23]} {[%emt
00:00:06]} 49. Kg4 {[%clk 00:30:32]} {[%emt 00:00:06]} fxe3 {[%clk 00:17:48]}
{[%emt 00:00:04]} 50. Kxg5 {[%clk 00:30:46]} {[%emt 00:00:16]} e2 {[%clk
00:18:13]} {[%emt 00:00:05]} 51. c5 {[%clk 00:31:06]} {[%emt 00:00:11]} e1=Q
{[%clk 00:18:32]} {[%emt 00:00:10]} 52. Rxe1 {[%clk 00:31:31]} {[%emt
00:00:04]} g6 {[%clk 00:18:56]} {[%emt 00:00:07]} 53. c6 {[%clk 00:31:58]}
{[%emt 00:00:04]} Kg7 {[%clk 00:19:22]} {[%emt 00:00:03]} 54. c7 {[%clk
00:32:23]} {[%emt 00:00:06]} Kh7 {[%clk 00:19:40]} {[%emt 00:00:10]} 55. c8=R
{[%clk 00:32:46]} {[%emt 00:00:08]} Kg7 {[%clk 00:20:04]} {[%emt 00:00:05]} 56.
Re7# {[%emt 00:00:06]} 1-0

[Event "DEM U10 2024"]
[Site "Willingen GER"]
[Date "2024.05.20"]
[Round "4"]
[White "Chakhalov, Mikael"]
[Black "Stoyanov, Victor"]
[Result "1-0"]
[Termination "normal"]
[Board "4"]
[WhiteElo "1747"]
[BlackElo "1658"]
[WhiteClock "00:13:31"]
[BlackClock "00:01:49"]
[PlyCount "74"]
[WhiteFideId "34644458"]
[BlackFideId "5401240"]
[EventCountry "GER"]
[EventRounds "11"]
[EventType "swiss"]
[EventDate "2024.05.18"]

1. c4 {[%clk 01:15:58]} {[%emt 00:00:01]} e6 {[%clk 01:16:00]} 2. d4 {[%clk
01:16:03]} {[%emt 00:00:26]} d5 {[%clk 01:16:26]} {[%emt 00:00:04]} 3. e3
{[%clk 01:16:11]} {[%emt 00:00:21]} Be7 {[%clk 01:16:52]} {[%emt 00:00:04]} 4.
Nc3 {[%clk 01:16:25]} {[%emt 00:00:15]} Nf6 {[%clk 01:17:17]} {[%emt 00:00:06]}
5. Nf3 {[%clk 01:16:44]} {[%emt 00:00:11]} O-O {[%clk 01:17:39]} {[%emt
00:00:09]} 6. Bd3 {[%clk 01:16:57]} {[%emt 00:00:16]} b6 {[%clk 01:18:01]}
{[%emt 00:00:09]} 7. b3 {[%clk 01:17:07]} {[%emt 00:00:20]} Bb7 {[%clk
01:18:22]} {[%emt 00:00:09]} 8. Bb2 {[%clk 01:17:23]} {[%emt 00:00:13]} Nbd7
{[%clk 01:18:39]} {[%emt 00:00:13]} 9. O-O {[%clk 01:17:41]} {[%emt 00:00:12]}
Rc8 {[%clk 01:18:19]} {[%emt 00:00:51]} 10. Rc1 {[%clk 01:17:32]} {[%emt
00:00:38]} c5 {[%clk 01:18:32]} {[%emt 00:00:17]} 11. Qe2 {[%clk 01:16:07]}
{[%emt 00:01:55]} Re8 {[%clk 01:17:14]} {[%emt 00:01:47]} 12. Rfd1 {[%clk
01:15:27]} {[%emt 00:01:11]} Bd6 {[%clk 01:15:51]} {[%emt 00:01:54]} 13. Nb5
{[%clk 01:11:35]} {[%emt 00:04:21]} Bb8 {[%clk 01:15:54]} {[%emt 00:00:27]} 14.
Ne5 {[%clk 01:11:13]} {[%emt 00:00:52]} a6 {[%clk 01:13:38]} {[%emt 00:02:47]}
15. Na3 {[%clk 01:11:25]} {[%emt 00:00:18]} a5 {[%clk 01:09:09]} {[%emt
00:04:57]} 16. f4 {[%clk 01:08:14]} {[%emt 00:03:41]} Nxe5 {[%clk 01:05:23]}
{[%emt 00:04:17]} 17. dxe5 {[%clk 01:08:29]} {[%emt 00:00:15]} Nd7 {[%clk
01:04:17]} {[%emt 00:01:36]} 18. cxd5 {[%clk 01:03:16]} {[%emt 00:05:44]} exd5
{[%clk 00:53:27]} {[%emt 00:11:19]} 19. Qg4 {[%clk 01:02:40]} {[%emt 00:01:07]}
Qe7 {[%clk 00:47:03]} {[%emt 00:06:53]} 20. Bb5 {[%clk 00:56:42]} {[%emt
00:06:28]} Red8 {[%clk 00:43:31]} {[%emt 00:04:02]} 21. Kh1 {[%clk 00:33:10]}
{[%emt 00:24:02]} Qe6 {[%clk 00:29:53]} {[%emt 00:14:07]} 22. Bxd7 {[%clk
00:31:35]} {[%emt 00:02:06]} Qxd7 {[%clk 00:25:39]} {[%emt 00:04:44]} 23. f5
{[%clk 00:30:33]} {[%emt 00:01:32]} Re8 {[%clk 00:12:45]} {[%emt 00:13:24]} 24.
e6 {[%clk 00:30:42]} {[%emt 00:00:21]} fxe6 {[%clk 00:12:07]} {[%emt 00:01:08]}
25. fxe6 {[%clk 00:31:00]} {[%emt 00:00:12]} Qc7 {[%clk 00:10:23]} {[%emt
00:02:14]} 26. Qh3 {[%clk 00:30:00]} {[%emt 00:01:27]} Kh8 {[%clk 00:08:54]}
{[%emt 00:02:02]} 27. Nb5 {[%clk 00:25:51]} {[%emt 00:04:39]} Qc6 {[%clk
00:06:19]} {[%emt 00:03:05]} 28. Nd4 {[%clk 00:26:06]} {[%emt 00:00:16]} Qc7
{[%clk 00:04:56]} {[%emt 00:01:50]} 29. Nf5 {[%clk 00:24:23]} {[%emt 00:02:15]}
Rg8 {[%clk 00:04:36]} {[%emt 00:00:49]} 30. Rf1 {[%clk 00:20:09]} {[%emt
00:04:45]} Rce8 {[%clk 00:02:40]} {[%emt 00:02:26]} 31. Nxg7 {[%clk 00:18:52]}
{[%emt 00:01:47]} d4 {[%clk 00:01:49]} {[%emt 00:01:21]} 32. Bxd4 {[%clk
00:13:43]} {[%emt 00:05:39]} cxd4 {[%clk 00:02:02]} {[%emt 00:00:16]} 33. Rxc7
{[%clk 00:13:58]} {[%emt 00:00:16]} Bxc7 {[%clk 00:02:31]} {[%emt 00:00:01]}
34. Nxe8 {[%clk 00:14:10]} {[%emt 00:00:18]} Rxe8 {[%clk 00:02:08]} {[%emt
00:00:52]} 35. Rf7 {[%clk 00:14:27]} {[%emt 00:00:14]} Be4 {[%clk 00:02:04]}
{[%emt 00:00:35]} 36. Rxc7 {[%clk 00:13:41]} {[%emt 00:01:15]} d3 {[%clk
00:02:09]} {[%emt 00:00:25]} 37. Qh6 {[%clk 00:13:31]} {[%emt 00:00:40]} Rg8
{[%clk 00:01:49]} {[%emt 00:00:49]} 1-0

[Event "DEM U10 2024"]
[Site "Willingen GER"]
[Date "2024.05.20"]
[Round "4"]
[White "Sauer, Ben"]
[Black "Shivkumar, Shreyas"]
[Result "1-0"]
[Termination "normal"]
[Board "5"]
[WhiteElo "1626"]
[BlackElo "1728"]
[WhiteClock "00:05:57"]
[BlackClock "00:15:56"]
[PlyCount "93"]
[WhiteFideId "34606866"]
[BlackFideId "34638407"]
[EventCountry "GER"]
[EventRounds "11"]
[EventType "swiss"]
[EventDate "2024.05.18"]

1. e4 {[%clk 01:15:57]} {[%emt 00:00:03]} c5 {[%clk 01:15:49]} {[%emt
00:00:12]} 2. Nf3 {[%clk 01:16:20]} {[%emt 00:00:07]} g6 {[%clk 01:16:11]}
{[%emt 00:00:07]} 3. d4 {[%clk 01:16:43]} {[%emt 00:00:07]} cxd4 {[%clk
01:16:24]} {[%emt 00:00:17]} 4. Nxd4 {[%clk 01:17:00]} {[%emt 00:00:13]} Nc6
{[%clk 01:16:42]} {[%emt 00:00:12]} 5. Nc3 {[%clk 01:17:12]} {[%emt 00:00:19]}
Bg7 {[%clk 01:17:07]} {[%emt 00:00:05]} 6. Be3 {[%clk 01:17:31]} {[%emt
00:00:11]} Nf6 {[%clk 01:17:12]} {[%emt 00:00:23]} 7. Bc4 {[%clk 01:17:17]}
{[%emt 00:00:45]} O-O {[%clk 01:17:32]} {[%emt 00:00:10]} 8. Bb3 {[%clk
01:17:20]} {[%emt 00:00:27]} Re8 {[%clk 01:17:27]} {[%emt 00:00:34]} 9. f3
{[%clk 01:17:02]} {[%emt 00:00:48]} a5 {[%clk 01:16:10]} {[%emt 00:01:48]} 10.
O-O {[%clk 01:15:46]} {[%emt 00:01:46]} d6 {[%clk 01:16:05]} {[%emt 00:00:34]}
11. Ndb5 {[%clk 01:11:52]} {[%emt 00:04:25]} b6 {[%clk 01:10:31]} {[%emt
00:06:05]} 12. Nd5 {[%clk 01:04:34]} {[%emt 00:07:48]} Ba6 {[%clk 01:06:23]}
{[%emt 00:04:37]} 13. Ndc7 {[%clk 00:57:25]} {[%emt 00:07:39]} Bxb5 {[%clk
01:05:55]} {[%emt 00:00:59]} 14. Nxb5 {[%clk 00:56:55]} {[%emt 00:01:00]} Qd7
{[%clk 01:02:31]} {[%emt 00:03:54]} 15. Ba4 {[%clk 00:50:03]} {[%emt 00:07:21]}
Na7 {[%clk 00:58:35]} {[%emt 00:04:26]} 16. c4 {[%clk 00:49:06]} {[%emt
00:01:27]} Rec8 {[%clk 00:56:33]} {[%emt 00:02:31]} 17. Bxb6 {[%clk 00:41:40]}
{[%emt 00:07:57]} Nxb5 {[%emt 00:01:29]} 18. Bxb5 {[%clk 00:40:47]} {[%emt
00:01:22]} Qe6 {[%clk 00:55:48]} {[%emt 00:00:16]} 19. Qd2 {[%clk 00:32:18]}
{[%emt 00:09:00]} a4 {[%clk 00:54:24]} {[%emt 00:01:55]} 20. Bf2 {[%clk
00:23:17]} {[%emt 00:09:30]} a3 {[%clk 00:54:23]} {[%emt 00:00:32]} 21. b3
{[%clk 00:18:57]} {[%emt 00:04:50]} Nxe4 {[%clk 00:44:51]} {[%emt 00:10:01]}
22. fxe4 {[%clk 00:19:16]} {[%emt 00:00:11]} Bxa1 {[%clk 00:45:15]} {[%emt
00:00:06]} 23. Rxa1 {[%clk 00:19:38]} {[%emt 00:00:09]} Qxe4 {[%clk 00:45:34]}
{[%emt 00:00:11]} 24. Bd7 {[%clk 00:15:54]} {[%emt 00:04:14]} Rd8 {[%clk
00:44:07]} {[%emt 00:01:56]} 25. Re1 {[%clk 00:15:29]} {[%emt 00:00:55]} Qb7
{[%clk 00:43:20]} {[%emt 00:01:17]} 26. Bg4 {[%clk 00:15:09]} {[%emt 00:00:49]}
Qc7 {[%clk 00:42:33]} {[%emt 00:01:18]} 27. Bd4 {[%clk 00:13:26]} {[%emt
00:02:14]} e5 {[%clk 00:41:38]} {[%emt 00:01:25]} 28. Bf3 {[%clk 00:09:08]}
{[%emt 00:04:47]} Rac8 {[%clk 00:39:53]} {[%emt 00:02:15]} 29. Bc3 {[%clk
00:09:09]} {[%emt 00:00:29]} Re8 {[%clk 00:29:30]} {[%emt 00:10:54]} 30. Bb4
{[%clk 00:07:46]} {[%emt 00:01:53]} Qb6+ {[%clk 00:29:41]} {[%emt 00:00:18]}
31. Kf1 {[%clk 00:06:58]} {[%emt 00:01:17]} Red8 {[%clk 00:18:39]} {[%emt
00:11:33]} 32. Ba5 {[%clk 00:06:30]} {[%emt 00:00:58]} Qb8 {[%clk 00:16:50]}
{[%emt 00:02:19]} 33. Bxd8 {[%clk 00:06:49]} {[%emt 00:00:11]} Rxd8 {[%clk
00:17:14]} {[%emt 00:00:05]} 34. Rd1 {[%clk 00:06:34]} {[%emt 00:00:46]} Kg7
{[%clk 00:16:24]} {[%emt 00:01:21]} 35. Qd5 {[%clk 00:06:36]} {[%emt 00:00:28]}
Qc8 {[%clk 00:16:10]} {[%emt 00:00:43]} 36. c5 {[%clk 00:06:11]} {[%emt
00:00:55]} Qa6+ {[%clk 00:15:43]} {[%emt 00:00:57]} 37. Be2 {[%clk 00:06:11]}
{[%emt 00:00:30]} Qc8 {[%clk 00:15:34]} {[%emt 00:00:40]} 38. cxd6 {[%clk
00:05:55]} {[%emt 00:00:46]} Qc2 {[%clk 00:15:24]} {[%emt 00:00:38]} 39. Qxe5+
{[%clk 00:06:01]} {[%emt 00:00:25]} Kh6 {[%clk 00:15:03]} {[%emt 00:00:51]} 40.
Qf6 {[%emt 00:01:33]} Re8 {[%clk 00:14:45]} {[%emt 00:00:46]} 41. Qf4+ {[%clk
00:04:30]} {[%emt 00:01:00]} Kg7 {[%clk 00:14:37]} {[%emt 00:00:35]} 42. Qd4+
{[%clk 00:04:28]} {[%emt 00:00:35]} Kh6 {[%clk 00:14:49]} {[%emt 00:00:18]} 43.
Qd2+ {[%clk 00:04:40]} {[%emt 00:00:19]} Qxd2 {[%clk 00:15:04]} {[%emt
00:00:15]} 44. Rxd2 {[%clk 00:05:04]} {[%emt 00:00:06]} Rd8 {[%clk 00:15:22]}
{[%emt 00:00:11]} 45. d7 {[%clk 00:05:12]} {[%emt 00:00:22]} Kg7 {[%clk
00:15:42]} {[%emt 00:00:10]} 46. Bb5 {[%clk 00:05:33]} {[%emt 00:00:09]} Kf6
{[%clk 00:15:56]} {[%emt 00:00:16]} 47. Re2 {[%clk 00:05:57]} {[%emt 00:00:06]}
1-0